Zásadné zmeny v zákone o zamestnanosti
Príspevok o vytvorení novej inštitúcie v rámci NÚP, zmenách v poistení v nezamestnanosti, vrátane podmienok pre vznik nároku na podporu, výšky podpory, krátenia podpory a nového nároku na podporu v nezamestnanosti.
Guardado en:
| Autor principal: | |
|---|---|
| Formato: | Capítulo de libro |
| Lenguaje: | eslovaco |
| Materias: | |
| Etiquetas: |
Sin Etiquetas, Sea el primero en etiquetar este registro!
|
MARC
| LEADER | 00000naa a2200000 4500 | ||
|---|---|---|---|
| 001 | r036859 | ||
| 005 | 20231003081036.2 | ||
| 041 | 0 | |a slo | |
| 044 | |a SK | ||
| 245 | 1 | 0 | |a Zásadné zmeny v zákone o zamestnanosti |c Vlasta Husáriková |
| 520 | |a Príspevok o vytvorení novej inštitúcie v rámci NÚP, zmenách v poistení v nezamestnanosti, vrátane podmienok pre vznik nároku na podporu, výšky podpory, krátenia podpory a nového nároku na podporu v nezamestnanosti. | ||
| 610 | 2 | 0 | |a zamestnanosť |
| 610 | 2 | 0 | |a poistenie |
| 610 | 2 | 0 | |a podpory v nezamestnanosti |
| 610 | 2 | 0 | |a Slovensko |
| 100 | 1 | |a Husáriková, Vlasta | |